[Event "COL-ch Superate Intercol U18 Girls"]
[Site "Barranquilla"]
[Date "2018.11.28"]
[Round "8.6"]
[White "Bautista Romero, Laura Camila"]
[Black "Angulo Moreno, Sonia Elvira"]
[Result "0-1"]
[WhiteElo "1398"]
[BlackElo "1503"]
[PlyCount "74"]
[EventDate "2018.11.28"]
[EventType "swiss (blitz)"]
[EventRounds "12"]
[EventCountry "COL"]
[SourceTitle "EXT 2024"]
[Source "ChessBase"]
[SourceDate "2023.10.10"]
[SourceVersion "1"]
[SourceVersionDate "2023.10.10"]
[SourceQuality "1"]

1. e4 e5 2. Nf3 Nc6 3. Nc3 d6 4. h3 Nf6 5. Bc4 Be7 6. d3 0-0 7. 0-0 Be6 8. Bb3 Qd7 9. Bxe6 fxe6 10. Be3 d5 11. a3 d4 12. Ne2 dxe3 13. fxe3 h6 14. Ng3 a6 15. c3 Rad8 16. d4 exd4 17. exd4 Bd6 18. e5 b5 19. exd6 Qxd6 20. Qe2 Qxg3 21. Qxe6+ Kh7 22. Qxc6 Nd5 23. Rae1 Nf4 24. Ne5 Nxh3+ 25. Kh1 Ng5 26. Qg6+ Kg8 27. Rxf8+ Rxf8 28. Nf3 Qf2 29. Qh5 Nxf3 30. Qd5+ Kh8 31. gxf3 Qxe1+ 32. Kh2 Qf2+ 33. Kh1 Qxf3+ 34. Qxf3 Rxf3 35. Kg2 Rd3 36. b3 b4 37. d5 g5 0-1

[Event "COL-ch U18 Girls"]
[Site "Barranquilla"]
[Date "2018.11.26"]
[Round "6"]
[White "Palma Cardenas, Ana Maria"]
[Black "Angulo Moreno, Sonia Elvira"]
[Result "0-1"]
[WhiteElo "1311"]
[BlackElo "1315"]
[PlyCount "53"]
[EventDate "2018.11.24"]
[EventType "swiss"]
[EventRounds "7"]
[EventCountry "COL"]
[SourceTitle "CBM 187 Extra"]
[Source "ChessBase"]
[SourceDate "2018.11.04"]
[SourceVersion "1"]
[SourceVersionDate "2018.11.04"]
[SourceQuality "1"]

1. e4 e5 2. Nf3 Nc6 3. Bb5 d6 4. c3 Bd7 5. Ba4 Nf6 6. d3 Be7 7. Nbd2 0-0 8. 0-0 Re8 9. Re1 a6 10. Nf1 b5 11. Bb3 Bg4 12. Ng3 Qd7 13. Qe2 Rad8 14. Qe3 Bf8 15. Nh4 g6 16. Qg5 Bg7 17. f3 Be6 18. Bc2 h6 19. Qe3 d5 20. Qf2 d4 21. Bd2 h5 22. f4 Ng4 23. Qf1 Qe7 24. Nf3 h4 25. Ne2 Ne3 26. Bxe3 dxe3 27. Ng5 0-1

[Event "COL-ch U18 Girls"]
[Site "Barranquilla"]
[Date "2018.11.25"]
[Round "4"]
[White "Angulo Moreno, Sonia Elvira"]
[Black "Caro Estrada, Esveny"]
[Result "0-1"]
[WhiteElo "1315"]
[BlackElo "1569"]
[PlyCount "28"]
[EventDate "2018.11.24"]
[EventType "swiss"]
[EventRounds "7"]
[EventCountry "COL"]
[SourceTitle "CBM 187 Extra"]
[Source "ChessBase"]
[SourceDate "2018.11.04"]
[SourceVersion "1"]
[SourceVersionDate "2018.11.04"]
[SourceQuality "1"]

1. e4 d5 2. exd5 Qxd5 3. Nc3 Qa5 4. d4 Nf6 5. Nf3 Bg4 6. Be2 Nc6 7. 0-0 0-0-0 8. Be3 e5 9. d5 Nxd5 10. Nxd5 Rxd5 11. Qc1 e4 12. Bc4 exf3 13. Bxd5 Qxd5 14. Bf4 Nd4 0-1

[Event "COL-ch U18 Girls"]
[Site "Barranquilla"]
[Date "2018.11.24"]
[Round "2"]
[White "Fitzgerald, Daniela"]
[Black "Angulo Moreno, Sonia Elvira"]
[Result "1-0"]
[WhiteElo "1569"]
[BlackElo "1315"]
[PlyCount "119"]
[EventDate "2018.11.24"]
[EventType "swiss"]
[EventRounds "7"]
[EventCountry "COL"]
[SourceTitle "CBM 187 Extra"]
[Source "ChessBase"]
[SourceDate "2018.11.04"]
[SourceVersion "1"]
[SourceVersionDate "2018.11.04"]
[SourceQuality "1"]

1. e4 e5 2. Nf3 Nc6 3. Bc4 d6 4. d3 Be7 5. h3 Nf6 6. Be3 0-0 7. Nc3 a6 8. 0-0 Be6 9. Bb3 d5 10. exd5 Nxd5 11. Nxd5 Bxd5 12. Bxd5 Qxd5 13. Re1 f5 14. Bg5 Rae8 15. Qd2 Bxg5 16. Qxg5 Re6 17. Nh4 f4 18. Rad1 Rff6 19. c4 Qc5 20. Nf3 Rg6 21. Qh5 Rh6 22. Qg4 Qe7 23. d4 e4 24. d5 Reg6 25. Qxf4 Rxg2+ 26. Kxg2 exf3+ 27. Qxf3 Qg5+ 28. Qg3 Qf5 29. dxc6 Rg6 30. Rd8+ Kf7 31. cxb7 Rxg3+ 32. fxg3 Qc2+ 33. Kh1 Qf2 34. Rde8 Qf3+ 35. Kg1 Qxb7 36. R8e7+ Kf8 37. Re8+ Kf7 38. R1e7+ Kf6 39. Re2 Qb6+ 40. Kf1 Kf7 41. R2e7+ Kf6 42. Re6+ Qxe6 43. Rxe6+ Kxe6 44. Ke2 c5 45. Kd3 Kd6 46. Ke4 Ke6 47. a3 a5 48. b3 g5 49. h4 gxh4 50. gxh4 h5 51. a4 Kf6 52. Kd5 Kf5 53. Kxc5 Kg4 54. Kd4 Kxh4 55. c5 Kg3 56. c6 h4 57. c7 h3 58. c8Q Kh2 59. Qg4 Kh1 60. Qxh3+ 1-0

[Event "Malambo Semifinal 1 Cat U16 Girls"]
[Site "Malambo"]
[Date "2017.03.02"]
[Round "1.6"]
[White "Angulo Moreno, Sonia Elvira"]
[Black "Caicedo Anguila, Juliana Andrea"]
[Result "1/2-1/2"]
[WhiteElo "1568"]
[BlackElo "1490"]
[PlyCount "113"]
[EventDate "2017.03.02"]
[EventType "swiss"]
[EventRounds "5"]
[EventCountry "COL"]
[SourceTitle "EXT 2024"]
[Source "ChessBase"]
[SourceDate "2023.10.10"]
[SourceVersion "1"]
[SourceVersionDate "2023.10.10"]
[SourceQuality "1"]

1. e4 c5 2. Nc3 Nc6 3. Nf3 a6 4. d3 e6 5. b3 g6 6. Rb1 Bg7 7. Bb2 Qa5 8. Qd2 Nge7 9. Be2 Nd4 10. 0-0 Nxf3+ 11. Bxf3 0-0 12. Rfd1 Nc6 13. a4 Nd4 14. Be2 Nxe2+ 15. Nxe2 Qc7 16. Bxg7 Kxg7 17. c4 d6 18. d4 Rd8 19. dxc5 Qxc5 20. Qd4+ Qxd4 21. Nxd4 b6 22. f3 Bb7 23. Rd2 Kf6 24. g4 d5 25. exd5 exd5 26. Rbd1 dxc4 27. bxc4 Rac8 28. g5+ Ke7 29. Rc2 Bxf3 30. Re1+ Kf8 31. Nxf3 Rd3 32. Ne5 Rd4 33. Rf1 Rc7 34. Rf6 Re4 35. Rc6 Rxc6 36. Nxc6 Rg4+ 37. Kh1 Rxg5 38. Nb8 b5 39. Nxa6 bxa4 40. Ra2 Ra5 41. Nb4 Rc5 42. Rc2 a3 43. Rc3 Ra5 44. Rc1 a2 45. Ra1 Rc5 46. Rxa2 Rxc4 47. Nd5 f5 48. Ra8+ Kg7 49. Ra7+ Kh6 50. Nf6 f4 51. Nxh7 f3 52. Kg1 Rc2 53. Nf8 Kg5 54. Ra4 Rg2+ 55. Kf1 Rxh2 56. Ne6+ Kf5 57. Ng7+ 1/2-1/2